000 00303nam a2200121Ia 4500
008 191201s2015 xx 000 0 und d
100 _aGARG, Santosh Kumar
245 0 _aWater Supply Engineering
260 _c2015
_bKhanna Publisher
_aNew Delhi
300 _a1064
650 _aCIVIL
942 _2ddc
_cBB
_02
999 _c7705
_d7705